Responses for Show #1028 - Wednesday, February 8, 1989

1989 Teen Tournament quarterfinal game 3.

Contestants

[<< previous game]

Stan Wu, a senior from Arlington, Virginia

Tracy Fisher, a senior from El Paso, Texas

Peter Morris, a sophomore from Swarthmore, Pennsylvania

[next game >>]

Jeopardy! Round responses

TEENS IN HISTORY
TRAVEL & TOURISM
TOYS & DOLLS
TELEVISION
THE ANIMAL KINGDOM
SPELLING
    $100 13
Jesse James

Stan
    $100 6
the Statue of Liberty

Peter
    $100 15
Betty Boop

Stan
    $100 7
Full House

Peter
    $100 1
the bullfrog

Peter
    $100 29
A-M-E-R-I-G-O

Peter
    $200 18
Henry VIII

Stan
    $200 9
Alberta

Stan
    $200 16
Garfield

Peter
    $200 8
The Golden Girls

Stan
    $200 2
kiss

Peter
    $200 30
(Alex: Louis [*].)

B-R-A-I-L-L-E

Stan
    $300 19
(Tracy: What is a bishop?)

a cardinal

TracyStan
    $500 10
(Stan: What is Valley Forge?)

Gettysburg

Stan
    $300 17
(Tracy: What is [*] or a pencil sharpener?)

a crayon sharpener

Tracy
    $300 22
Cheers

Tracy
    $300 3
rocks (pebbles)

Peter
    $300 28
M-E-D-U-L-L-A

Tracy
    $400 20
Alexander the Great

Peter
    $400 11
El-Al

Peter
    $400 25
a Mountie

Tracy
    $400 23
Evans

Triple Stumper
    $400 4
a turtle

Peter
    $400 27
(Alex: Less than a minute to go.)

P-H-A-R-A-O-H

Peter
    $500 21
Sacagawea

Peter
    $500 12
(wild mountain) gorillas

Tracy
    $500 26
a little metal (gold) button

Peter
    $500 24
The Wonder Years

Peter
    $500 5
its horns

Triple Stumper
    $500 14
L-A-B-Y-R-I-N-T-H

Tracy

Scores at the first commercial break (after clue 12):

Peter Tracy Stan
$1,600 $500 -$100

Scores at the end of the Jeopardy! Round:

Peter Tracy Stan
$4,200 $2,000 $800

Double Jeopardy! Round responses

WORLD CITIES
SHAKESPEARE
ARTISTS
ROCKS & MINERALS
PROVERBS
NAMES IN THE NEWS
    $200 1
Helsinki

Stan
    $200 3
The Tempest

Stan
    $200 13
(Peter: Who is Michelangelo?)

Leonardo da Vinci

PeterStan
    $200 30
the slate

Tracy
    $200 11
rats always desert a sinking ship

Peter
    $200 18
Lech Walesa

Peter
    $400 2
Buenos Aires

Peter
    $400 7
Macbeth

Tracy
    $400 14
Spain

Stan
    $400 29
volcanoes

Tracy
    $400 12
the sword

Stan
    $400 19
Springsteen

Tracy
    $600 4
(Tracy: What is Beijing?)

Shanghai

TracyStan
    $600 8
Denmark

Stan
    $600 15
(Stan: What is Rembrandt?)
(Tracy: Who is El Greco?)

Raphael

PeterTracyStan
    $600 28
(Tracy: What is igneous?)
(Stan: What is, um, metamorphic?)
...
(Alex: You wait long enough, it pays off.)

sedimentary

PeterTracyStan
    $600 25
you'll get up with fleas

Triple Stumper
    $600 20
Arafat

Peter
    $800 5
Zurich

Stan
    $800 9
Romeo and Juliet

Peter
    $2,000 16
Rembrandt

Peter
    $800 27
(Tracy: What is glass?)
(Peter: What is gold?)

quartz

PeterTracy
Triple Stumper
    $800 24
Laugh, and the world laughs with you

Peter
    $800 21
(John) Connally

Tracy
    $1000 6
Manchester

Peter
    $1000 10
A Midsummer Night's Dream

Peter
    $1000 17
(Peter: What is Peter?)

Paul

PeterStan
    $1000 26
a conglomerate

Peter
    $1000 23
the meat

Tracy
    $2,000 22
(Tracy: Who is... Murandi?)

Benazir Bhutto

Tracy

Scores at the end of the Double Jeopardy! Round:

Peter Tracy Stan
$11,400 $600 $4,000
(lock game)

[wagering suggestions for these scores]

Final Jeopardy! Round responses

VICE PRESIDENTS
(Alex: [To Tracy] Nixon, of course, was a senator from the state of California.)
...
(Alex: [To Peter] Ford, I don't believe, was ever a senator; he was a member of the House of Representatives from the state of Michigan.)
TracyWho are Nixon & Mondale
$500
StanWho are Humphrey & Mondale?
$4,000
PeterWho are Mondale and Ford?
$1,400
(Hubert) Humphrey & (Walter) Mondale

Final scores:

Peter Tracy Stan
$10,000 $100 $8,000
New champion: Automatic semifinalist 3rd place: $1,000 if not wild card semifinalist 2nd place: $1,000 if not wild card semifinalist

Game dynamics:

Coryat scores:

Peter Tracy Stan
$10,200 $2,600 $4,500
26 R
(including 1 DD),
3 W
12 R,
6 W
(including 1 DD)
16 R,
3 W
(including 1 DD)

Combined Coryat: $17,300

[game clues] [game scores] [suggest correction]

Game tape date: 1989-01-04
The J! Archive is created by fans, for fans. Scraping, republication, monetization, and malicious use prohibited; this site may use cookies and collect identifying information. See terms. The Jeopardy! game show and all elements thereof, including but not limited to copyright and trademark thereto, are the property of Jeopardy Productions, Inc. and are protected under law. This website is not affiliated with, sponsored by, or operated by Jeopardy Productions, Inc. Join the discussion at JBoard.tv.